ARRUPE JESUIT UNIVERSITY

CORONAVIRUS -STOP THE SPREAD - CLEAN,DISINFECT,COVER

A companion to nineteenth-century Europe, 1789-1914 (Record no. 122737)

MARC details
000 -LEADER
fixed length control field 01458cam a2200397 a 4500
001 - CONTROL NUMBER
control field 10624141
003 - CONTROL NUMBER IDENTIFIER
control field ARRUPE
005 - DATE AND TIME OF LATEST TRANSACTION
control field 20150528110812.0
006 - FIXED-LENGTH DATA ELEMENTS--ADDITIONAL MATERIAL CHARACTERISTICS--GENERAL INFORMATION
fixed length control field m d
007 - PHYSICAL DESCRIPTION FIXED FIELD--GENERAL INFORMATION
fixed length control field cr n
008 - FIXED-LENGTH DATA ELEMENTS--GENERAL INFORMATION
fixed length control field 050505s2006 maua sb 001 0 eng d
020 ## - INTERNATIONAL STANDARD BOOK NUMBER
International Standard Book Number 9781405113205 (alk. paper)
020 ## - INTERNATIONAL STANDARD BOOK NUMBER
International Standard Book Number 1405113200 (alk. paper)
035 ## - SYSTEM CONTROL NUMBER
System control number (WaSeSS)ssj0000126146
040 ## - CATALOGING SOURCE
Original cataloging agency DLC
Transcribing agency DLC
Modifying agency DLC
-- WaSeSS
043 ## - GEOGRAPHIC AREA CODE
Geographic area code e------
050 #4 - LIBRARY OF CONGRESS CALL NUMBER
Classification number D299
Item number .C623 2006
082 00 - DEWEY DECIMAL CLASSIFICATION NUMBER
Classification number 940.2/8
Edition number 22
100 ## - MAIN ENTRY--PERSONAL NAME
Personal name Berger, Stefan.
9 (RLIN) 17432
210 10 - ABBREVIATED TITLE
Abbreviated title A companion to nineteenth-century Europe, 1789-1914
245 02 - TITLE STATEMENT
Title A companion to nineteenth-century Europe, 1789-1914
Medium [electronic resource] /
Statement of responsibility, etc edited by Stefan Berger.
260 ## - PUBLICATION, DISTRIBUTION, ETC. (IMPRINT)
Place of publication, distribution, etc Malden, MA :
Name of publisher, distributor, etc Blackwell Pub.,
Date of publication, distribution, etc 2006.
440 #0 - SERIES STATEMENT/ADDED ENTRY--TITLE
Title Blackwell companions to European history
9 (RLIN) 10747
504 ## - BIBLIOGRAPHY, ETC. NOTE
Bibliography, etc Includes bibliographical references (p. [449]-498) and index.
506 ## - RESTRICTIONS ON ACCESS NOTE
Terms governing access License restrictions may limit access.
651 #0 - SUBJECT ADDED ENTRY--GEOGRAPHIC NAME
Geographic name Europe
General subdivision History
Chronological subdivision 1789-1900.
9 (RLIN) 17433
651 #0 - SUBJECT ADDED ENTRY--GEOGRAPHIC NAME
Geographic name Europe
General subdivision History
Chronological subdivision 1871-1918.
9 (RLIN) 17434
651 #0 - SUBJECT ADDED ENTRY--GEOGRAPHIC NAME
Geographic name Europe
General subdivision Social conditions
Chronological subdivision 1789-1900.
9 (RLIN) 17435
651 #0 - SUBJECT ADDED ENTRY--GEOGRAPHIC NAME
Geographic name Europe
General subdivision Social conditions
Chronological subdivision 20th century.
9 (RLIN) 17436
651 #0 - SUBJECT ADDED ENTRY--GEOGRAPHIC NAME
Geographic name Europe
General subdivision Civilization
Chronological subdivision 19th century.
9 (RLIN) 17437
651 #0 - SUBJECT ADDED ENTRY--GEOGRAPHIC NAME
Geographic name Europe
General subdivision Civilization
Chronological subdivision 20th century.
9 (RLIN) 17438
700 1# - ADDED ENTRY--PERSONAL NAME
Personal name Berger, Stefan.
9 (RLIN) 17439
773 #0 - HOST ITEM ENTRY
Title Blackwell Reference Online
910 ## - USER-OPTION DATA (OCLC)
User-option data Library of Congress record
942 ## - ADDED ENTRY ELEMENTS (KOHA)
Source of classification or shelving scheme Library of Congress Classification
Koha item type Monograph ( Printed materials)
Holdings
Withdrawn status Lost status Source of classification or shelving scheme Damaged status Not for loan Collection code Home library Current library Shelving location Date acquired Total Checkouts Full call number Barcode Date last seen Date checked out Price effective from Koha item type
    Library of Congress Classification     Main Collection ARRUPE LIBRARY ARRUPE LIBRARY Main Collection 22/04/2015 1 D299.C623 2006 46500000859 13/10/2017 16/12/2015 22/04/2015 Monograph ( Printed materials)

 

Arrupe Library. PO Box MP320 Mt Pleasant, Harare, Zimbabwe
263 242 745411|librarian@aju.ac.zw